02088nam a2200397 a 450000100100000000500170001000800410002702000150006804000250008308200170010810000330012524000400015824501150019826000700031330000280038349000460041150400310045750506000048853400610108865000240114965000290117365000360120270000250123870000310126370000240129470000260131870000260134470000270137070000330139770000250143070000330145583000550148804900090154395201210155299900170167300002507720240513201349.0110201s1989 ag a r 000 | spa d a9506940797 aDO-SdBNPbspacBNPHU a303.4bB877e1 aBrown, Lester Russell95145610aState of the world 1989.lEspañol13aEl estado del mundo :b1989 /cLester Russell Brown ; Alan Durning ... [et al.] ; traducción Cecilia Absatz. aBuenos Aires, (Argentina) :bGrupo Editor Latinoamericano,c1989. a378 p. :bil. ;c23 cm.1 aEstudios Políticos y Socialesv212. 183 aIncluye notas : p. 323-3780 tPrefaciotReconocimientostUn mundo en peligro /rLester R. Brown, Christopher Flavin y Sandra PosteltDetener la degradación de la tierra /rSandra PosteltReexaminar la perspectiva alimentaria del mundo /rLester R. BrowntAbandonar la tierra natal /rJodi L. JacobsontProteger la capa de ozono /rCynthia Pollock SheatRespuesta al sida /rMichael RennertReforzar la seguridad mundial /rLori HeisetMovilización a nivel popular /rMichael RennertReflexión a nivel popular /rAlan B. DurningtPerfilar un plan de acción global /rLester R. Brown, Christopher Flavin y Sandra Postel aTítulo original en inglés :tState of the world 1989 0aCambio social91661 4aEvolución social92422 0aDesarrollo de la comunidad94531 aDurning, Alan9514571 aFlavin, Christopher9482791 aHeise , Lori9514581 aJacobson, Jodi9514591 aPostel, Sandra9482801 aRenner, Michael9514601 aShea, Cynthia Pollock9514611 aStarke, Linda9514621 aAbsatz, Cecilia,etr.951463 0aEstudios Políticos y Sociales ;v212. 183928833 aBNGR 001054708MOaGRbGRcCTd2011-02-09iLF1l0o303.4 B877ep25077-10r2020-06-25w2020-06-25y4ZPréstamo en sala c24570d24570